Wealth effects and the new economy
Uložené v:
| Hlavný autor: | |
|---|---|
| Ďalší autori: | |
| Médium: | Kniha |
| Jazyk: | English |
| Vydavateľské údaje: |
Washington
International Monetary Fund
2001
|
| Edícia: | IMF Working Paper
WP/01/77 |
| Predmet: | |
| Tagy: |
Žiadne tagy, Buďte prvý, kto otaguje tento záznam!
|
MARC
| LEADER | 00000nam a2200000 4500 | ||
|---|---|---|---|
| 001 | c129183 | ||
| 005 | 20240223110528.1 | ||
| 041 | 0 | |a eng | |
| 044 | |a US | ||
| 245 | 1 | 0 | |a Wealth effects and the new economy |c Hali Edison, Torsten Slok |
| 264 | 1 | |a Washington |b International Monetary Fund |c 2001 | |
| 300 | |a 23 s. | ||
| 490 | 1 | |a IMF Working Paper |v WP/01/77 | |
| 830 | 0 | |a IMF Working Paper |v WP/01/77 | |
| 610 | 2 | 0 | |a efektívnosť ekonomická |
| 610 | 2 | 0 | |a bohatí |
| 610 | 2 | 0 | |a papiere cenné |
| 610 | 2 | 0 | |a ekonomika nová |
| 100 | 1 | |a Edison, Hali | |
| 700 | 1 | |a Slok, Torsten | |